01725cam a2200385 a 450000100100000000500170001000800410002701000130006802000220008102000220010302000220012502000220014704000230016904300120019205000220020424500840022626000510031030000270036144000350038850000590042350400410048250500780052365100660060165100670066765000710073465000630080570000380086870000330090691000370093908200160097695201080099295201140110095201080121499900170132200001854820200929165825.0931006m19921996sp a b l000 0 spa  a93215276 a8445105299 (v. 1) a8445106945 (v. 2) a8445107984 (v. 3) a8445111612 (v. 4) aDO-SdBNPcDLCdDLC ae-sp---00aDP354b.M263 199200aMadrid en la prosa de viaje /cestudio y seleccion de Jose Luis Checa Cremades. a[Madrid] :bComunidad de Madrid,cc1992-c1996. a4 v. :bill. ;c25 cm. 0aMadrid en la literatura938936 aVols. 3-4: estudio y seleccion de Juan Antonio Santos. aIncludes bibliographical references.0 a1. Siglos XV, XVI, XVII -- 2. Siglo XVIII -- 3. Siglo XIX -- 4. Siglo XX. 0aMadrid (Spain : Region{Rpara}xDescription And Travel.940113 0aMadrid (Spain : Region{Rpara}xSocial Life And Customs.940114 0aVisitors, foreignzSpainzMadrid (Region{Rpara}xAttitudes.940115 0aTravelerszSpainzMadrid (Region{Rpara}xAttitudes.9401162 aCheca Cremades, Jose Luis.9401171 aSantos, Juan Antonio.940118 aCatalogación por derivada / LC00a946/.41220 001050718MOaGRbGRcCTd2010-05-11iLF1l0ov. 2p18548-10r2020-06-25w2020-06-25y1ZNo se presta 001050718MOaGRbGRcCTd2010-05-14iLF1l0ov. 2, e. 2p18548-20r2020-06-25w2020-06-25y1ZNo se presta 001050718MOaGRbGRcCTd2010-05-14iLF1l0ov. 3p18548-30r2020-06-25w2020-06-25y1ZNo se presta c18068d18068